000 01453cam a2200385 a 4500
999 _c118422
_d118422
001 15115405
003 OSt
005 20200616160008.0
008 071217s2007 ii b 001 0 eng
010 _a 2007341817
020 _a9788131600474
025 _aI-E-2007-341817; 63-92; 68-92; 79-90
037 _bLibrary of Congress -- New Delhi Overseas Office
_cRs725.00
040 _aDLC
_cDLC
042 _alcode
043 _aa-ii---
050 0 0 _aDS481.A525
_bA77 2007
082 _a330.954 THO
245 0 0 _aAmbedkar in retrospect :
_bEssays on economics, politics, and society /
_cedited by Sukhadeo Thorat, Aryama.
260 _aNew Delhi :
_bRawat Publications in association with Indian Institute of Dalit Studies,
_cc2007.
300 _avi, 360 p. ;
_c23 cm.
500 _aCopyright: Indian Institute of Dalit Studies, New Delhi.
504 _aIncludes bibliographical references and index.
520 _aContributed articles with reference to India.
600 1 0 _aAmbedkar, B. R.
_q(Bhimrao Ramji),
_d1891-1956
_xPolitical and social views.
650 0 _aDalits
_xGovernment policy
_zIndia.
651 0 _aIndia
_xEconomic conditions
_y20th century.
651 0 _aIndia
_xSocial conditions
_y20th century.
700 1 _aThorat, Sukhadeo.
700 0 _aAryama.
710 2 _aIndian Institute of Dalit Studies.
906 _a7
_bcbc
_corigode
_d3
_encip
_f20
_gy-gencatlg
942 _2ddc
_cIR